| 000 | 00847pam a2200241 a 4500 | ||
|---|---|---|---|
| 001 | 015297565 | ||
| 003 | Uk | ||
| 005 | 20130325132401.0 | ||
| 008 | 090617s2009 enk b 001 0 eng d | ||
| 020 | _a184885062X (hbk.) | ||
| 020 | _a9781848850620 (hbk.) | ||
| 082 | 0 | 4 |
_a297.272 _222 _bBEL |
| 100 | 1 |
_aBelkeziz, Abdelilah. _932966 |
|
| 245 | 1 | 4 |
_aThe State in Contemporary Islamic Thought : _ba Historical Survey of the Major Muslim Political Thinkers of the Modern Era / _cAbdelilah Belkeziz. |
| 260 |
_aLondon : _bI. B. Tauris, _c2009. |
||
| 300 |
_axxvi, 320 p. ; _c24 cm. |
||
| 490 | 0 |
_aContemporary Arab scholarship in the social sciences ; _vv. 3 |
|
| 504 | _aIncludes bibliographical references and index. | ||
| 650 | 0 |
_aIslam and state. _932967 |
|
| 650 | 0 |
_aIslam and politics. _932968 |
|
| 653 |
_bPol _cMarch2013 |
||
| 942 |
_2ddc _cBB |
||
| 999 |
_c17399 _d17371 |
||